000 00609cam a22002053a 4500
001 35596
003 PGUSA
005 20140828083751.0
008 110317s2011||||xxu|||||s|||||000 | eng d
040 _aPGUSA
_beng
042 _adc
100 1 _aTapper, Thomas,
_d1864-1958
245 1 0 _aSchumann :
_bThe Story of the Boy Who Made Pictures in Music
_h[electronic resource] /
_cThomas Tapper
260 _bProject Gutenberg,
_c2011
506 _aPublic domain in the USA.
516 _aElectronic text
830 0 _aProject Gutenberg
_v35596
856 4 0 _uhttp://www.gutenberg.org/ebooks/35596
942 _cEB
999 _c264851
_d264851